00940nam a22002777a 4500001001000000003000900010005001700019007000300036008003400039040005400073041001000127072002100137090001900158110008800177245006300265260004200328300001100370500001400381650003100395650001300426650001100439909003600450942000700486999001700493952015200510BR7406796BR-BrBNA20230928084659.0ta230509b bl.||||| |||| 00| 0 por d aBR-BrBNAbporcBiblioteca Nacional de Agricultura a(Por) aE14b5212b/G514  5212 BR74067961 aConselho Nacional de Desenvolvimento da Pecuaria, Rio de Janeiro, GB (Brasil)926741 aPecuaria bovina. Bases para um programa de desenvolvimento3 aRio de Janeiro, GB (Brasil): c1974.  a167 p. a50 tables aPROJETO DE DESENVOLVIMENTO aPECUARIA aBOVINO a202309bLuciac55dLucia Elande cBK c20446d20446 002AGRIS40708AGROBASEa41918b41918l0o 5212 BR7406796p5212 BR7406796r2023-09-25t01yBK10d2023-09-25ePortaria Interministerial nÂș 164/94